00536cam a2200169 a 4500020001800000020001500018040000800033082002600041245006500067260005400132300005100186490002800237650002100265650001800286650003900304700002300343 a9781608769667 a1608769666 cUKM04a382 UNC 2009 C161 Or.00aU.S. trade, protectionism and the global economic downturn / aNew York :bNova Science Publishers, Inc.,cc2010 axiv, 130 p. :bill. (some col.), maps ;c24 cm1 aGlobal economic studies 0aBalance of trade 0aProtectionism 0aGlobal Financial Crisis, 2008-20091 aCaldwell, Andrew J